Образная номинативная модель в томской эргонимии; Филологические науки. Вопросы теории и практики; № 7 (25), ч. 1

Bibliografiske detaljer
Parent link:Филологические науки. Вопросы теории и практики.— , 2008-
№ 7 (25), ч. 1.— 2013.— [С. 41-45]
Hovedforfatter: Бутакова Е. С. Екатерина Сергеевна
Institution som forfatter: Национальный исследовательский Томский политехнический университет (ТПУ) Институт кибернетики (ИК) Кафедра иностранных языков института кибернетики (ИЯИК)
Summary:Заглавие с экрана
В статье представлена типология косвенных номинативных моделей, функционирующих в эргонимии г. Томска. Косвенные номинативные модели являются наиболее продуктивными для создания эргонимов иноязычного происхождения, отражают коммуникативные намерения горожан-номинаторов, во многом зависящие от мотивировочного признака, положенного в основу номинации, а также способа его актуализации. Автором выделена модель «Апелляция к адресату», являющаяся отличительной особенностью томской эргонимии.
The author presents the typology of indirect nominative models, functioning in Tomsk ergonymy, which are the most productive for creating ergonyms of foreign origin, and reflect townspeople-nominators’ communicative intentions, to a large extent depending on motivation attribute put in nomination basis and its actualization method; and singles out the model “Appeal to Addressee”, which is a peculiar characteristic of Tomsk ergonymy.
Режим доступа: по договору с организацией-держателем ресурса
Sprog:russisk
Udgivet: 2013
Serier:Филологические науки
Fag:
Online adgang:http://elibrary.ru/item.asp?id=19084913
http://www.gramota.net/materials/2/2013/7-1/10.html
Format: MixedMaterials Electronisk Book Chapter
KOHA link:https://koha.lib.tpu.ru/cgi-bin/koha/opac-detail.pl?biblionumber=641993

MARC

LEADER 00000naa0a2200000 4500
001 641993
005 20250407133330.0
035 |a (RuTPU)RU\TPU\network\6924 
090 |a 641993 
100 |a 20150611d2013 k||y0rusy50 ca 
101 0 |a rus 
102 |a RU 
135 |a drcn ---uucaa 
181 0 |a i  
182 0 |a b 
200 1 |a Образная номинативная модель в томской эргонимии  |d Figurative nominative model in Tomsk ergonymy  |f Е. С. Бутакова 
203 |a Текст  |c электронный 
225 1 |a Филологические науки 
300 |a Заглавие с экрана 
320 |a [Библиогр.: с. 45 (2 назв.)] 
330 |a В статье представлена типология косвенных номинативных моделей, функционирующих в эргонимии г. Томска. Косвенные номинативные модели являются наиболее продуктивными для создания эргонимов иноязычного происхождения, отражают коммуникативные намерения горожан-номинаторов, во многом зависящие от мотивировочного признака, положенного в основу номинации, а также способа его актуализации. Автором выделена модель «Апелляция к адресату», являющаяся отличительной особенностью томской эргонимии. 
330 |a The author presents the typology of indirect nominative models, functioning in Tomsk ergonymy, which are the most productive for creating ergonyms of foreign origin, and reflect townspeople-nominators’ communicative intentions, to a large extent depending on motivation attribute put in nomination basis and its actualization method; and singles out the model “Appeal to Addressee”, which is a peculiar characteristic of Tomsk ergonymy. 
333 |a Режим доступа: по договору с организацией-держателем ресурса 
461 |t Филологические науки. Вопросы теории и практики  |d 2008- 
463 |t № 7 (25), ч. 1  |v [С. 41-45]  |d 2013 
510 1 |a Figurative nominative model in Tomsk ergonymy  |z eng 
610 1 |a электронный ресурс 
610 1 |a труды учёных ТПУ 
610 1 |a модели 
610 1 |a эргонимия 
700 1 |a Бутакова  |b Е. С.  |c лингвист  |c доцент Томского политехнического университета, кандидат филологических наук  |f 1982-  |g Екатерина Сергеевна  |3 (RuTPU)RU\TPU\pers\31974  |9 16034 
712 0 2 |a Национальный исследовательский Томский политехнический университет (ТПУ)  |b Институт кибернетики (ИК)  |b Кафедра иностранных языков института кибернетики (ИЯИК)  |3 (RuTPU)RU\TPU\col\18707 
801 2 |a RU  |b 63413507  |c 20150611  |g RCR 
856 4 |u http://elibrary.ru/item.asp?id=19084913 
856 4 |u http://www.gramota.net/materials/2/2013/7-1/10.html 
942 |c CF